Size optimization of shoulder filleted shafts with relief grooves for improving their fatigue life

Aun cuando en la literatura cientf̕ica se puede hallar artc̕ulos sobre la inclusin̤ de ranuras de alivio para disminuir el nivel de concentracin̤ de esfuerzo en flechas escalonadas, la incorporacin̤ de algoritmos de optimizacin̤ capaces de determinar su geometra̕ de manera paramťrica permanece sin...

Whakaahuatanga katoa

I tiakina i:
Ngā taipitopito rārangi puna kōrero
Ētahi atu kaituhi: Gonzl̀ez-Mendoza Juan M., Alcǹtara-Montes Samuel, Silva-Lomel ̕Jos ̌de Jess͠, Cruz-Alejo Carlos de la, Ocampo-Ramr̕ez Arturo, Universidad Nacional de Colombia. Facultad de Ingenieria
Hōputu: Pukapuka
Reo:Ingarihi
Ngā marau:
Urunga tuihono:Size optimization of shoulder filleted shafts with relief grooves for improving their fatigue life
Tags: Tāpirihia he Tūtohu
No Tags, Be the first to tag this record!

MARC

LEADER 00000nam a22000004a 4500
001 vpro12648
005 20201223000000.0
008 180306s2018 ck # g## #001 0#eng#d
020 |a 0120-5609 (versin̤ impresa) ; 2248-8723 (versin̤ online) 
022
040 |a CO-BoINGC 
041 0 |a eng 
245 1 0 |a Size optimization of shoulder filleted shafts with relief grooves for improving their fatigue life 
246 |a Optimizacin̤ de tamaǫ de flechas escalonadas con ranuras de alivio para mejorar su vida a la fatiga 
264 |a Bogot ̀(Colombia) :  |b Revista VirtualPRO,  |c 2018 
520 3 |a Aun cuando en la literatura cientf̕ica se puede hallar artc̕ulos sobre la inclusin̤ de ranuras de alivio para disminuir el nivel de concentracin̤ de esfuerzo en flechas escalonadas, la incorporacin̤ de algoritmos de optimizacin̤ capaces de determinar su geometra̕ de manera paramťrica permanece sin explorarse. En este artc̕ulo se presenta un enfoque al problema de optimizacin̤ de tamaǫ de flechas escalonadas con ranuras de alivio, sujetas a cargas axiales. El objetivo de la optimizacin̤ es minimizar el valor mx̀imo del esfuerzo, tanto en la raz̕ del escaln̤ como en la raz̕ de la ranura, disminuyendo la concentracin̤ de esfuerzo y mejorando la vida a la fatiga de tales elementos mecǹicos. Bajo esta metodologa̕, se alcanzan diversos porcentajes de reduccin̤ del esfuerzo al comparar las flechas ranuradas con las flechas no ranuradas. El enfoque aporta la incorporacin̤ de un algoritmo para la determinacin̤ de la geometra̕ p̤tima de las ranuras de alivio. 
650 \ \ |a Optimizacin̤ matemt̀ica 
650 \ \ |a Mathematical optimization 
650 \ \ |a Optimizacin̤ de tamaǫ 
650 \ \ |a Concentracin̤ de esfuerzo 
650 \ \ |a Ranura de alivio 
650 \ \ |a Size optimization 
650 \ \ |a Stress concentration 
650 \ \ |a Relief groove  
700 \ \ |a Gonzl̀ez-Mendoza Juan M. 
700 \ \ |a Alcǹtara-Montes Samuel 
700 \ \ |a Silva-Lomel ̕Jos ̌de Jess͠ 
700 \ \ |a Cruz-Alejo Carlos de la 
700 \ \ |a Ocampo-Ramr̕ez Arturo  
700 \ \ |a Universidad Nacional de Colombia. Facultad de Ingenieria. 
856 |z Size optimization of shoulder filleted shafts with relief grooves for improving their fatigue life  |u https://virtualpro.unach.elogim.com/biblioteca/optimizacion-de-tamano-de-flechas-escalonadas-con-ranuras-de-alivio-para-mejorar-su-vida-a-la-fatiga